| 000 | 03746nam a22006615i 4500 | ||
|---|---|---|---|
| 001 | 978-3-319-57735-7 | ||
| 003 | DE-He213 | ||
| 005 | 20200124161847.0 | ||
| 007 | cr nn 008mamaa | ||
| 008 | 170422s2017 gw | s |||| 0|eng d | ||
| 020 |
_a9783319577357 _9978-3-319-57735-7 |
||
| 024 | 7 |
_a10.1007/978-3-319-57735-7 _2doi |
|
| 050 | 4 | _aQA76.9.M3 | |
| 072 | 7 |
_aUYZM _2bicssc |
|
| 072 | 7 |
_aBUS083000 _2bisacsh |
|
| 072 | 7 |
_aUYZM _2thema |
|
| 072 | 7 |
_aUKR _2thema |
|
| 082 | 0 | 4 |
_a005.74 _223 |
| 245 | 1 | 0 |
_aOpen Source Systems: Towards Robust Practices _h[electronic resource] : _b13th IFIP WG 2.13 International Conference, OSS 2017, Buenos Aires, Argentina, May 22-23, 2017, Proceedings / _cedited by Federico Balaguer, Roberto Di Cosmo, Alejandra Garrido, Fabio Kon, Gregorio Robles, Stefano Zacchiroli. |
| 250 | _a1st ed. 2017. | ||
| 264 | 1 |
_aCham : _bSpringer International Publishing : _bImprint: Springer, _c2017. |
|
| 300 |
_aXIV, 220 p. 37 illus. _bonline resource. |
||
| 336 |
_atext _btxt _2rdacontent |
||
| 337 |
_acomputer _bc _2rdamedia |
||
| 338 |
_aonline resource _bcr _2rdacarrier |
||
| 347 |
_atext file _bPDF _2rda |
||
| 490 | 1 |
_aIFIP Advances in Information and Communication Technology, _x1868-4238 ; _v496 |
|
| 506 | 0 | _aOpen Access | |
| 520 | _aThis book is open access under a CC BY license. This book constitutes the refereed proceedings of the 13th IFIP WG 2.13 International Conference on Open Source Systems, OSS 2017, held in Buenos Aires, Argentina, in May 2017. The 16 revised full papers and 3 short papers presented were carefully reviewed and selected from 32 submissions. The papers cover a wide range of topics related to free, libre, and open source software (FLOSS), including: licensing, strategies, and practices; case studies; projects, communication, and participation; tools; and project management, development and evaluation. | ||
| 650 | 0 | _aManagement information systems. | |
| 650 | 0 | _aComputer science. | |
| 650 | 0 | _aSoftware engineering. | |
| 650 | 0 | _aComputers. | |
| 650 | 0 | _aLaw and legislation. | |
| 650 | 0 | _aApplication software. | |
| 650 | 1 | 4 |
_aManagement of Computing and Information Systems. _0http://scigraph.springernature.com/things/product-market-codes/I24067 |
| 650 | 2 | 4 |
_aSoftware Engineering. _0http://scigraph.springernature.com/things/product-market-codes/I14029 |
| 650 | 2 | 4 |
_aLegal Aspects of Computing. _0http://scigraph.springernature.com/things/product-market-codes/I24059 |
| 650 | 2 | 4 |
_aInformation Systems Applications (incl. Internet). _0http://scigraph.springernature.com/things/product-market-codes/I18040 |
| 700 | 1 |
_aBalaguer, Federico. _eeditor. _4edt _4http://id.loc.gov/vocabulary/relators/edt |
|
| 700 | 1 |
_aDi Cosmo, Roberto. _eeditor. _4edt _4http://id.loc.gov/vocabulary/relators/edt |
|
| 700 | 1 |
_aGarrido, Alejandra. _eeditor. _4edt _4http://id.loc.gov/vocabulary/relators/edt |
|
| 700 | 1 |
_aKon, Fabio. _eeditor. _4edt _4http://id.loc.gov/vocabulary/relators/edt |
|
| 700 | 1 |
_aRobles, Gregorio. _eeditor. _4edt _4http://id.loc.gov/vocabulary/relators/edt |
|
| 700 | 1 |
_aZacchiroli, Stefano. _eeditor. _4edt _4http://id.loc.gov/vocabulary/relators/edt |
|
| 710 | 2 | _aSpringerLink (Online service) | |
| 773 | 0 | _tSpringer eBooks | |
| 776 | 0 | 8 |
_iPrinted edition: _z9783319577340 |
| 776 | 0 | 8 |
_iPrinted edition: _z9783319577364 |
| 776 | 0 | 8 |
_iPrinted edition: _z9783319862378 |
| 830 | 0 |
_aIFIP Advances in Information and Communication Technology, _x1868-4238 ; _v496 |
|
| 856 | 4 | 0 | _uhttps://doi.org/10.1007/978-3-319-57735-7 |
| 912 | _aZDB-2-SCS | ||
| 912 | _aZDB-2-SOB | ||
| 999 |
_c443763 _d443763 |
||
| 942 | _cEB | ||